000 00447nam a2200145 4500
005 20260212134443.0
008 260212b |||||||| |||| 00| 0 eng d
020 _a9781935660491
100 _aGladwin T. Mark, Trattler William and Mahan C. Scott
245 _aClinical Microbiology Made Ridiculously Simple
_c/Mark T. Gladwin
250 _a9th Edition
260 _aMiami;
_bMedMaster;
_c2023
300 _avii,403p ill;
_c28.5cm
942 _2lcc
_n0
_cBK
999 _c155
_d155